000 00593nam a2200217Ia 4500
003 OSt
005 20220928113448.0
006 a|||||r|||| 00| 0
007 ta
008 220927b |||||||| |||| 00| 0 eng d
024 _a141751
037 _cTextual
040 _aSDCL
_cSDCL
_beng
041 _2eng
_aeng
082 _aY:4353.2'M78t, A
245 0 _aReport of the Indian Famine commission 1880-1885
260 _aNew Delhi
_bAgrucole Publishing academy
_c1989
300 _avi;264p.
_ccm.
942 _hY:4353.2'M78t, A
_cTEXL
_2CC
999 _c749650
_d749650